| 000 | 00388nam a22001217a 4500 | ||
|---|---|---|---|
| 082 |
_a338.47624 _bAME _cD |
||
| 245 |
_aThe civil engineers role in productivity in the construction industry _cPak Book Corporation |
||
| 260 |
_aLahore _bPak book Corporation _c1977 |
||
| 300 |
_a93 p. : _bill, : _c20 cm. |
||
| 526 |
_a0 _b0 _c0 _d338_476240000000000_AME |
||
| 650 |
_aMCE _9379 |
||
| 942 |
_2ddc _cBK |
||
| 999 |
_c542114 _d542114 |
||